Datum a čas kvízu
15.5
Celkem bodů
Celkový počet nahraných bodů na tomto kvízu bez doplňovacích otázek.
3.
Pořadí na kvízu
Konečné umístění týmu na tomto kvízu.
Zaznamenané odpovědi
| # | Otázka | Odpověď | Body | Výsledky |
|---|---|---|---|---|
| 1. | Poslanecká sněmovna ve středu... | 1 | ||
| 2. | Ukrajinští vyšetřovatelé zabav... | 0 | ||
| 3. | Když vznikal seriál Most!, jeh... | 0 | ||
| 4. | McDonald's přišel o ochrannou... | 1 | ||
| 5. | Jak se jmenuje letošní mistryn... | 1 | ||
| 6. | V tomto tématu Vás čeká pět vý... | 0 | ||
| 7. | Z níže vypsaných měst leží nej... | 0 | ||
| 8. | Z níže vypsaných děl vyberte j... | 1 | ||
| 9. | Které z těchto zvířat neřadíme... | 0 | ||
| 10. | Které z těchto příjmení je v Č... | 0 |